000 00282nam a22001217a 4500
082 _a823
_bPRA/W
100 _aPRAKASHAN, PRAKASHAN
245 _aTHE WATERMELON ROUTE
260 _aPUNE
_bMILIND L
520 _aENGLISH SHORT STORY
650 _aENGLISH SHORT STORY
_zPUNE
942 _cBK
999 _c5463
_d5463